000 00479nam a2200157Ia 4500
005 20240416062324.0
008 240331s9999 xx 000 0 und d
082 _bSRI
_a323.4
100 _aSrilanka foundation
245 0 _aSeminar on law enforcement agencies and their role in the implementation of the international bill of human rights
260 _aColombo :
_bSri Lanka Foundation /
_c1987.
300 _a142 p .,
650 _aHuman Rights
650 _aLaw.
942 _cL
999 _c2495
_d2495